000 00332nam a2200145Ia 4500
008 150201s2003 xx 000 0 und d
082 _a611
_bH2003S
100 _aSOM.PETER M.
245 _aHEAD & NECK IMAGING V-2
250 _a4TH
260 _bMOSBY
_aDELHI
_c2003
300 _a1051-2325
650 _aANATOMY
942 _2ddc
_cBK
999 _c3883
_d3883